| Поле | Название | Значение |
| |
Тип записи |
a |
| |
Библиографический уровень |
a |
| 001 |
Контрольный номер |
RU/CBS_UL/BASE/ecf25354ddeb4312b78d51e1308189a8 |
| 005 |
Дата корректировки |
20230301165329.5 |
| 100 |
Данные общей обработки |
__ |
| a |
Данные общей обработки |
20230301 ||| 0rusy0189 ca |
| 101 |
Язык документа |
0_ |
| a |
Язык текста |
rus |
| 102 |
Страна публикации |
__ |
| a |
Страна публикации |
RU |
| 200 |
Заглавие и сведения об ответственности |
1_ |
| a |
Заглавие |
7 символов Нового года |
| e |
Сведения, относящиеся к заглавию |
[главные символы Нового года] |
| 300 |
Общие примечания |
__ |
| a |
Общие примечания |
6+ |
| 461 |
Уровень набора |
_0 |
| 1 |
|
2000 |
| a |
|
Наш Филиппок |
| 463 |
Уровень физической единицы |
_0 |
| 1 |
|
2000 |
| a |
|
№ 12 |
| v |
|
С. 8-9 : ил |
| 1 |
|
2101 |
| d |
|
2022 |
| 1 |
|
001RU/CBS_UL/BASE/fbf1994beb1244c9b6f50d654d183367 |
| 606 |
Тематические рубрики |
0_ |
| a |
Основная рубрика |
Новый год - Символы |
| 610 |
Ключевые слова |
0_ |
| a |
Ключевые слова |
праздники |
| 610 |
Ключевые слова |
0_ |
| a |
Ключевые слова |
Новый год |
| 610 |
Ключевые слова |
0_ |
| a |
Ключевые слова |
подарки к Новому году |
| 610 |
Ключевые слова |
0_ |
| a |
Ключевые слова |
новогодние ёлки |
| 610 |
Ключевые слова |
0_ |
| a |
Ключевые слова |
ёлки новогодние |
| 610 |
Ключевые слова |
0_ |
| a |
Ключевые слова |
кремлёвские куранты |
| 610 |
Ключевые слова |
0_ |
| a |
Ключевые слова |
снеговики |
| 610 |
Ключевые слова |
0_ |
| a |
Ключевые слова |
новогодние песни |
| 610 |
Ключевые слова |
0_ |
| a |
Ключевые слова |
песни новогодние |
| 610 |
Ключевые слова |
0_ |
| a |
Ключевые слова |
В лесу родилась ёлочка (песни) |
| 686 |
Индексы других классификаций |
__ |
| 2 |
Код системы |
rubbk |
| a |
Классификационный индекс |
77.562 |
| 801 |
Источник записи |
_0 |
| a |
Страна |
RU |
| b |
Организация |
МБУК ЦБС г. Ульяновска |
| c |
Дата составления |
20230301 |
| g |
Правила каталогизации |
RCR |
| 801 |
Источник записи |
_1 |
| a |
Страна |
RU |
| b |
Организация |
МБУК ЦБС г. Ульяновска |
| c |
Дата составления |
20230301 |
| g |
Правила каталогизации |
RCR |
| 901 |
Тип документа |
__ |
| t |
Тип документа |
b |
| w |
Контрольный № источника |
RU/CBS_UL/BASE/fbf1994beb1244c9b6f50d654d183367 |